000 00373nam a22001577a 4500
003 OSt
008 201118b ||||| |||| 00| 0 eng d
020 _a978-9352606269
100 _aVOHRA, N D
245 _aQuantitative Techniques in Management
250 _a5 ed
260 _aNew Delhi
_bMcGraw Hill
_c2019
300 _a1091
650 _aB.Com. Hons
942 _2ddc
_cBK
999 _c9142
_d9142